RICS draft professional standard: Land agreements for development purposes, 1st edition (Record no. 121857)
[ view plain ]
| 000 -LEADER | |
|---|---|
| fixed length control field | 02274nam a22003017a 4500 |
| 005 - DATE AND TIME OF LATEST TRANSACTION | |
| control field | 20251219120757.0 |
| 008 - FIXED-LENGTH DATA ELEMENTS--GENERAL INFORMATION | |
| fixed length control field | 240318t2024 xxk|||||o|||| 00| 0 eng d |
| 041 ## - LANGUAGE CODE | |
| Language code of text/sound track or separate title | eng |
| 110 ## - MAIN ENTRY--CORPORATE NAME | |
| Corporate author | Royal Institution of Chartered Surveyors |
| 245 ## - TITLE STATEMENT | |
| Title | RICS draft professional standard: Land agreements for development purposes, 1st edition |
| Subtitle | a consultation |
| Medium | [Electronic resource] |
| 260 ## - PUBLICATION INFORMATION | |
| Place of publication | London, |
| Publisher | Royal Institution of Chartered Surveyors, |
| Date | 14 March 2024 |
| 300 ## - PHYSICAL DESCRIPTION | |
| Physical description | 34p. |
| 490 ## - SERIES TITLE | |
| Series statement | RICS Consultation |
| 520 ## - ABSTRACT | |
| Abstract | Landowners, prospective purchasers, developers and land promoters enter into agreements for the right to promote, option to purchase or develop land well in advance of planning permission being granted. Surveyors provide extensive advice on these agreements which are extremely complex and have significant implications for the price at which land is traded. The purpose is to ensure surveyors are providing the best and most up to date advice when advising clients on agreement types available to either the landowner, purchaser or promoter in an area of practice which is opaque and steadily evolving. This document will be applicable to many types of development, residential or commercial, large or small. However, very major developments or those involving a wide variety of property types – for example, town centre redevelopments and regeneration schemes – may require different and often more complex forms of agreement. Consultation opened 14 March 2024 closes 12 April 2024. <br/> |
| 520 ## - ABSTRACT | |
| Abstract | Published as a Professional Standard 16 December 2025, effective from 1 March 2026 |
| 650 ## - KEYWORDS | |
| Keywords | BENCHMARK LAND VALUE |
| 650 ## - KEYWORDS | |
| Keywords | LAND |
| 650 ## - KEYWORDS | |
| Keywords | LAND AGREEMENT |
| 650 ## - KEYWORDS | |
| Keywords | MARKET VALUE |
| 650 ## - KEYWORDS | |
| Keywords | PROPERTY DEVELOPMENT |
| 650 ## - KEYWORDS | |
| Keywords | VALUATION |
| 651 ## - SUBJECT ADDED ENTRY--GEOGRAPHIC NAME | |
| Geographic name | England |
| 690 ## - BROAD SUBJECT | |
| Broad subject | Planning and development |
| 9 (RLIN) | 6259 |
| 710 ## - ADDED CORPORATE NAME | |
| Added corporate author | Royal Institution of Chartered Surveyors |
| 856 ## - ONLINE RESOURCE | |
| Uniform Resource Identifier | <a href="https://consultations.rics.org/gf2.ti/f/1336770/200865701.1/PDF/-/Land%20agreements%20for%20development%20purposes_consultation%20draft.pdf">https://consultations.rics.org/gf2.ti/f/1336770/200865701.1/PDF/-/Land%20agreements%20for%20development%20purposes_consultation%20draft.pdf</a> |
| Public note | View the consultation document on RICS.org |
| 856 ## - ONLINE RESOURCE | |
| Uniform Resource Identifier | <a href="https://consultations.rics.org/landagreementsfordevelopers/consultationHome">https://consultations.rics.org/landagreementsfordevelopers/consultationHome</a> |
| Public note | View the RICS iConsult homepage on land agreements |
| 942 ## - ADDED ENTRY ELEMENTS (KOHA) | |
| Suppress in OPAC | Do not suppress in OPAC |
| Lost status | Damaged status | Not for loan | Current library | Shelving location | Date acquired | Total Checkouts | Full call number | Date last seen | Price effective from | Koha item type |
|---|---|---|---|---|---|---|---|---|---|---|
| Virtual | Online | 18/03/2024 | RICS iConsult | 18/03/2024 | 18/03/2024 | Online material |